Statistics for Countries Counteracting themselves

Click here to take the quiz!

General Stats

  • This quiz has been taken 9 times
  • The average score is 2 of 5

Answer Stats

Thing 1Thing 2Answer% Correct
Ice ColdKnown for VolcanoesIceland
100%
Very DiplomaticKnown for CommunismRussia
56%
Very recent independenceHas France as their grandparentSouth Sudan
33%
People like to joke aboutHad a Serious EmpireTurkey
11%
Known to be DangerousHas a Safety Score of 86 out of 100Australia
0%

Score Distribution

Percentile by Number Answered

Percent of People with Each Score

Your Score History

You have not taken this quiz